000 00454nam a2200133 4500
999 _c14283
_d14283
008 190906b ||||| |||| 00| 0 eng d
082 _aDPer 050 T48 Apr-June 2016 v. 187 n. 12-24
100 _939479
_aWalt, Vivienne.
245 _aAirplane black boxes are badly out of date/
_cVivienne Walt.
260 _aHong Kong:
_bTime Asia,
_cc2016.
300 _av187 n23, page 6:
_billustrations;
_c27 cm.
650 _aAirplane industry.
_940174
942 _2ddc
_cPER